[Event "Schleswig Holstein-ch U18 VM"]
[Site "Neumuenster"]
[Date "2003.03.11"]
[Round "3"]
[White "Marek, Anna Katharina"]
[Black "Thiel, Tobias"]
[Result "1-0"]
[WhiteElo "1213"]
[BlackElo "1457"]
[PlyCount "116"]
[EventDate "2003.03.??"]
[EventType "swiss"]
[EventRounds "9"]
[EventCountry "GER"]
[SourceTitle "EXT 2005"]
[Source "ChessBase"]
[SourceDate "2004.11.15"]
[SourceVersion "1"]
[SourceVersionDate "2004.11.15"]
[SourceQuality "1"]

1. e4 c5 2. Nf3 Nc6 3. d4 cxd4 4. Nxd4 g6 5. Nc3 Bg7 6. Be3 e5 7. Nf3 Nge7 8. Qd2 0-0 9. Bh6 Qb6 10. Bxg7 Kxg7 11. 0-0-0 f5 12. exf5 Nxf5 13. Nd5 Qc5 14. Ne3 d6 15. Bd3 Nxe3 16. Qxe3 Qxe3+ 17. fxe3 Nb4 18. Bc4 Bf5 19. a3 Nxc2 20. Rxd6 Nxe3 21. Nxe5 Nxc4 22. Nxc4 Rac8 23. b3 b5 24. Rd4 bxc4 25. bxc4 Rb8 26. Re1 Rb1+ 27. Kd2 Rxe1 28. Kxe1 Re8+ 29. Kd2 Kf7 30. c5 Rc8 31. Rc4 Rc6 32. Kc3 h5 33. Kb4 a6 34. Rd4 Ke7 35. g3 Ke6 36. Kc4 Bc2 37. Rd2 Ba4 38. Kb4 Bb5 39. Rd1 a5+ 40. Kxb5 Rc8 41. Rd6+ Ke7 42. Rxg6 a4 43. Ra6 Rd8 44. Rxa4 Rd2 45. Rh4 Kd7 46. Rxh5 Ra2 47. a4 Kc7 48. Rh7+ Kb8 49. h4 Rg2 50. Rg7 Rh2 51. Rg4 Re2 52. h5 Rb2+ 53. Rb4 Rh2 54. g4 Rh4 55. a5 Kb7 56. Ka4+ Ka6 57. c6 Ka7 58. c7 Rxg4 1-0

[Event "Schleswig Holstein-ch U18 VM"]
[Site "Neumuenster"]
[Date "2003.03.11"]
[Round "2"]
[White "Thiel, Tobias"]
[Black "Braun, Jasper"]
[Result "0-1"]
[WhiteElo "1457"]
[BlackElo "1396"]
[PlyCount "100"]
[EventDate "2003.03.??"]
[EventType "swiss"]
[EventRounds "9"]
[EventCountry "GER"]
[SourceTitle "EXT 2005"]
[Source "ChessBase"]
[SourceDate "2004.11.15"]
[SourceVersion "1"]
[SourceVersionDate "2004.11.15"]
[SourceQuality "1"]

1. e4 e5 2. Nf3 Nc6 3. Bb5 Nd4 4. Nxd4 exd4 5. c3 Bc5 6. b4 Bb6 7. Bb2 Qf6 8. Qf3 c6 9. Bc4 Qxf3 10. gxf3 dxc3 11. Bxc3 f6 12. Rg1 g6 13. e5 d5 14. exf6 Nxf6 15. Bxf6 Rf8 16. Be5 dxc4 17. f4 Be6 18. a4 a5 19. bxa5 Bxa5 20. Nc3 Bf5 21. f3 Rf7 22. Ne4 Bxe4 23. fxe4 Rd8 24. Ra2 Rd3 25. Rg3 Rfd7 26. Rxd3 Rxd3 27. Ke2 Rh3 28. f5 gxf5 29. exf5 Rh5 30. Bg3 Rxf5 31. Ra3 Rf7 32. Bf2 Re7+ 33. Kd1 Rd7 34. Re3+ Re7 35. Rg3 Kd7 36. Rg4 b5 37. axb5 cxb5 38. Rd4+ Kc6 39. Rf4 Rd7 40. Rf6+ Rd6 41. Rxd6+ Kxd6 42. Kc2 Kd5 43. Be1 Ke4 44. h4 h5 45. Kb2 Kd3 46. Kc1 b4 47. Bg3 b3 48. Be5 Bxd2+ 49. Kd1 c3 50. Bxc3 Kxc3 0-1

[Event "Schleswig Holstein-ch U18 q"]
[Site "Neumuenster"]
[Date "2002.04.10"]
[Round "6"]
[White "Thiel, Tobias"]
[Black "Dittmann, Sebastian"]
[Result "0-1"]
[WhiteElo "1360"]
[BlackElo "1352"]
[PlyCount "116"]
[EventDate "2002.04.??"]
[EventType "swiss"]
[EventRounds "9"]
[EventCountry "GER"]
[SourceTitle "EXT 2003"]
[Source "ChessBase"]
[SourceDate "2002.11.25"]
[SourceVersion "1"]
[SourceVersionDate "2002.11.25"]
[SourceQuality "1"]

1. e4 e5 2. Nf3 Nc6 3. Bb5 d6 4. d4 Nf6 5. d5 a6 6. dxc6 axb5 7. cxb7 Bxb7 8. Nc3 b4 9. Nd5 c5 10. Nxf6+ Qxf6 11. Qe2 Ba6 12. Qd2 h6 13. Qd5 Rc8 14. a3 bxa3 15. Rxa3 Bb5 16. Qb7 Bd7 17. Nd2 Qd8 18. Qa7 Be7 19. Qa5 0-0 20. Nc4 Bc6 21. f3 f5 22. 0-0 fxe4 23. Qxd8 Rcxd8 24. Nd2 exf3 25. Nxf3 Rf7 26. c4 Rdf8 27. Re1 Rf6 28. Ra6 Bxf3 29. gxf3 Rxf3 30. Ra7 R8f7 31. Bd2 Bh4 32. Rxf7 Rxf7 33. Re4 Bf2+ 34. Kg2 Bd4 35. Rg4 Rf2+ 36. Kg1 Rxd2+ 37. Kh1 Rxb2 38. h4 Rc2 39. h5 Rxc4 40. Rg2 Rb4 41. Kh2 Rb2 42. Rxb2 Bxb2 43. Kg2 c4 44. Kf3 c3 45. Ke4 c2 46. Kd5 c1Q 47. Ke6 Ba3 48. Ke7 d5+ 49. Ke6 Qc6+ 50. Kf5 Kf7 51. Kg4 Kf6 52. Kf3 Kf5 53. Ke3 Qc5+ 54. Kd3 Qc4+ 55. Ke3 Bc1+ 56. Kf2 Kf4 57. Kg2 Qe2+ 58. Kg1 Kg3 0-1

[Event "Schleswig Holstein-chB U16"]
[Site "Neumuenster"]
[Date "2001.04.13"]
[Round "9"]
[White "Thiel, Tobias"]
[Black "Westphal, Niels"]
[Result "1-0"]
[WhiteElo "1192"]
[BlackElo "1065"]
[PlyCount "53"]
[EventDate "2001.04.??"]
[EventType "swiss"]
[EventRounds "9"]
[EventCountry "GER"]
[SourceTitle "EXT 2003"]
[Source "ChessBase"]
[SourceDate "2002.11.25"]
[SourceVersion "1"]
[SourceVersionDate "2002.11.25"]
[SourceQuality "1"]

1. e4 d5 2. exd5 Qxd5 3. Nc3 Qa5 4. d3 c6 5. Bd2 Nf6 6. Nf3 Bf5 7. h3 e6 8. g4 Bg6 9. Qe2 Nbd7 10. Rg1 Qb6 11. b3 Bb4 12. Na4 Qa5 13. c3 Bd6 14. h4 h6 15. Nd4 e5 16. Nf5 Bxf5 17. gxf5 b5 18. Nb2 b4 19. c4 Nc5 20. Qd1 0-0 21. Bxh6 Kh7 22. Bxg7 Rg8 23. Bxf6 Kh6 24. Bg5+ Kg7 25. Bd8+ Kf8 26. Rxg8+ Kxg8 27. Bxa5 1-0

[Event "Schleswig Holstein-chB U16"]
[Site "Neumuenster"]
[Date "2001.04.11"]
[Round "6"]
[White "Thiel, Tobias"]
[Black "Carl, Sven"]
[Result "1-0"]
[WhiteElo "1192"]
[BlackElo "1066"]
[PlyCount "49"]
[EventDate "2001.04.??"]
[EventType "swiss"]
[EventRounds "9"]
[EventCountry "GER"]
[SourceTitle "EXT 2003"]
[Source "ChessBase"]
[SourceDate "2002.11.25"]
[SourceVersion "1"]
[SourceVersionDate "2002.11.25"]
[SourceQuality "1"]

1. e4 e5 2. Nf3 Nc6 3. Bb5 Nf6 4. d3 d6 5. Bxc6+ bxc6 6. h3 d5 7. Nxe5 Bd6 8. Nxc6 Qd7 9. e5 Qxc6 10. exf6 g6 11. Qe2+ Be6 12. d4 0-0-0 13. Be3 Rde8 14. a3 Bf5 15. Nc3 Bf4 16. 0-0 Bxe3 17. fxe3 Qxf6 18. Nxd5 Qxd4 19. Qa6+ Kd7 20. exd4 Ra8 21. Qa5 Kd6 22. Rxf5 gxf5 23. Qc5+ Ke6 24. Re1+ Kd7 25. Qxc7# 1-0

[Event "Schleswig Holstein-chB U16"]
[Site "Neumuenster"]
[Date "2001.04.08"]
[Round "2"]
[White "Schmueser, Florian"]
[Black "Thiel, Tobias"]
[Result "1-0"]
[WhiteElo "1293"]
[BlackElo "1192"]
[PlyCount "73"]
[EventDate "2001.04.??"]
[EventType "swiss"]
[EventRounds "9"]
[EventCountry "GER"]
[SourceTitle "EXT 2003"]
[Source "ChessBase"]
[SourceDate "2002.11.25"]
[SourceVersion "1"]
[SourceVersionDate "2002.11.25"]
[SourceQuality "1"]

1. e4 e5 2. Nf3 Nf6 3. Nxe5 Nxe4 4. Qe2 d5 5. d3 Qf6 6. Nf3 Bc5 7. dxe4 0-0 8. e5 Qc6 9. Qb5 Bg4 10. h3 Bh5 11. Qxc6 Nxc6 12. Be2 Rfe8 13. Bf4 Re6 14. Ng5 Bxe2 15. Nxe6 fxe6 16. Kxe2 Nd4+ 17. Kd2 Rf8 18. Be3 b6 19. b4 Bxb4+ 20. c3 Ba5 21. Bxd4 c5 22. Be3 d4 23. Bg5 Rxf2+ 24. Ke1 Rxg2 25. Bd2 Rg3 26. cxd4 cxd4 27. Bxa5 Re3+ 28. Kf2 bxa5 29. Nd2 Rxe5 30. Rhe1 Rf5+ 31. Nf3 Kf7 32. Rad1 Kf6 33. Rxd4 h5 34. Kg3 g5 35. Ree4 h4+ 36. Kg4 e5 37. Rd6+ 1-0